[Event "CUB-ch"]
[Site "Las Tunas"]
[Date "2009.01.22"]
[Round "3"]
[White "Delgado Ramirez, Neuris"]
[Black "Almeida Quintana, Omar"]
[Result "0-1"]
[WhiteElo "2550"]
[BlackElo "2521"]
[PlyCount "70"]
[EventDate "2009.01.20"]
[EventType "tourn"]
[EventRounds "9"]
[EventCountry "CUB"]
[EventCategory "12"]
[SourceTitle "CBM 129"]
[Source "ChessBase"]
[SourceDate "2009.03.25"]
[SourceVersion "1"]
[SourceVersionDate "2009.03.25"]
[SourceQuality "1"]

1. e4 g6 2. d4 Bg7 3. Nf3 d6 4. Bc4 c6 5. Bb3 d5 6. Nc3 dxe4 7. Nxe4 Nf6 8. Ng3
O-O 9. Be3 a5 10. a4 Bg4 11. h3 Bxf3 12. Qxf3 Nd5 13. h4 e5 14. O-O-O Nxe3 15.
fxe3 exd4 16. exd4 b5 17. Ne4 bxa4 18. Bxa4 Nd7 19. h5 Nb6 20. Bb3 a4 21. Ba2
Nd5 22. h6 Bh8 23. Rhf1 Qh4 24. g4 Rae8 25. Kb1 Qxh6 26. g5 Qh4 27. Bxd5 cxd5
28. Nd6 Re7 29. Qxd5 Qg4 30. Rd3 Rd7 31. Qc5 Qe6 32. Nb5 Rb8 33. Nc3 Rdb7 34.
Nxa4 Qa6 35. Qa3 Ra7 0-1

[Event "CUB-ch"]
[Site "Las Tunas"]
[Date "2009.01.23"]
[Round "4"]
[White "Hernandez Carmenates, Holden"]
[Black "Delgado Ramirez, Neuris"]
[Result "0-1"]
[WhiteElo "2568"]
[BlackElo "2550"]
[PlyCount "100"]
[EventDate "2009.01.20"]
[EventType "tourn"]
[EventRounds "9"]
[EventCountry "CUB"]
[EventCategory "12"]
[SourceTitle "CBM 129"]
[Source "ChessBase"]
[SourceDate "2009.03.25"]
[SourceVersion "1"]
[SourceVersionDate "2009.03.25"]
[SourceQuality "1"]

1. d4 d5 2. c4 e6 3. Nc3 Be7 4. cxd5 exd5 5. Bf4 c6 6. e3 Bf5 7. g4 Be6 8. Bd3
Nd7 9. h3 h5 10. gxh5 Ndf6 11. h6 Nxh6 12. Qc2 Qd7 13. O-O-O Bf5 14. Nf3 Bxd3
15. Qxd3 Qf5 16. Qe2 Ne4 17. Nxe4 dxe4 18. Ne5 f6 19. Nc4 g5 20. Bg3 Nf7 21.
Qc2 Qd5 22. Kb1 f5 23. Rc1 Rh6 24. Ka1 b6 25. Nd2 O-O-O 26. Nb1 Kb7 27. Nc3 Qd7
28. Qb3 Bd6 29. h4 f4 30. exf4 gxf4 31. Bh2 Re8 32. Rhg1 Re7 33. Rg7 Nd8 34.
Rxe7 Qxe7 35. Qg8 Rxh4 36. Bg1 f3 37. a3 Nf7 38. d5 c5 39. Nb5 a6 40. Nc3 Ne5
41. Ka2 Nd3 42. Rd1 c4 43. Qg6 b5 44. Qf5 Be5 45. Nxe4 Rf4 46. d6 Qf7 47. Nc5+
Nxc5 48. Qxe5 c3+ 49. Kb1 c2+ 50. Kxc2 Qb3+ 0-1

[Event "CUB-ch"]
[Site "Las Tunas"]
[Date "2009.01.24"]
[Round "5"]
[White "Delgado Ramirez, Neuris"]
[Black "Blanco, Humberto"]
[Result "1-0"]
[WhiteElo "2550"]
[BlackElo "2434"]
[PlyCount "127"]
[EventDate "2009.01.20"]
[EventType "tourn"]
[EventRounds "9"]
[EventCountry "CUB"]
[EventCategory "12"]
[SourceTitle "CBM 129"]
[Source "ChessBase"]
[SourceDate "2009.03.25"]
[SourceVersion "1"]
[SourceVersionDate "2009.03.25"]
[SourceQuality "1"]

1. c4 Nf6 2. Nc3 d5 3. cxd5 Nxd5 4. Qa4+ Nc6 5. Nf3 Nb6 6. Qh4 e5 7. Qxd8+ Kxd8
8. Ng5 Ke8 9. Nb5 Bd6 10. Ne4 Ke7 11. d3 Be6 12. Bd2 Nb4 13. Bxb4 Bxb4+ 14. Kd1
Bd7 15. Nbc3 f5 16. Nd2 Bd6 17. g3 c6 18. Bh3 Rhf8 19. e3 Be6 20. Ke2 a5 21.
Rhg1 h5 22. Nf3 Kf6 23. Bg2 a4 24. a3 Nd7 25. h4 Nc5 26. Ng5 Bg8 27. Rad1 Rfe8
28. e4 g6 29. Bf3 Nb3 30. exf5 Nd4+ 31. Kf1 gxf5 32. Bxh5 Red8 33. g4 Bb3 34.
gxf5 Nxf5 35. Re1 Rh8 36. Nge4+ Ke7 37. Rg5 Raf8 38. Bg4 Nxh4 39. Nxd6 Kxd6 40.
Rexe5 Rh7 41. Rh5 Rxh5 42. Rxh5 Nf3 43. Ne4+ Kc7 44. Rh7+ Kb6 45. Nd6 c5 46.
Rh6 Nd4 47. Ne4+ Nc6 48. Ke2 Rd8 49. f4 c4 50. Rd6 Rh8 51. dxc4 Rh2+ 52. Ke3
Rxb2 53. c5+ Ka7 54. Nc3 Bc2 55. Be2 Rb3 56. Kd2 Bf5 57. Nb5+ Kb8 58. Rf6 Rb2+
59. Ke1 Bc8 60. Rf8 Ne7 61. Nd6 Kc7 62. Re8 Rxe2+ 63. Kxe2 Bg4+ 64. Kf2 1-0

[Event "CUB-ch"]
[Site "Las Tunas"]
[Date "2009.01.25"]
[Round "6"]
[White "Bacallao Alonso, Yusnel"]
[Black "Delgado Ramirez, Neuris"]
[Result "0-1"]
[WhiteElo "2438"]
[BlackElo "2550"]
[PlyCount "86"]
[EventDate "2009.01.20"]
[EventType "tourn"]
[EventRounds "9"]
[EventCountry "CUB"]
[EventCategory "12"]
[SourceTitle "CBM 129"]
[Source "ChessBase"]
[SourceDate "2009.03.25"]
[SourceVersion "1"]
[SourceVersionDate "2009.03.25"]
[SourceQuality "1"]

1. e4 c5 2. Nf3 Nc6 3. Bb5 Nf6 4. Bxc6 dxc6 5. d3 Bg4 6. h3 Bxf3 7. Qxf3 g6 8.
Be3 Qb6 9. Nd2 Qxb2 10. Rb1 Qxc2 11. Rxb7 Qxd3 12. Qe2 c4 13. Nxc4 Qc3+ 14. Nd2
Qc1+ 15. Qd1 Qxd1+ 16. Kxd1 Nxe4 17. Kc2 Nd6 18. Rxa7 Rxa7 19. Bxa7 Bg7 20. Rb1
Kd7 21. Bc5 Ra8 22. a3 Kc7 23. Bb6+ Kc8 24. Bc5 Ra5 25. Nb3 Ra4 26. Re1 Rc4+
27. Kd1 Bf6 28. f3 Nf5 29. Bb4 Bg5 30. Re5 Bf4 31. Ra5 Bd6 32. Bxd6 exd6 33.
Kd2 Kb8 34. Kd3 d5 35. g4 Nd6 36. Nc5 Kc7 37. Nb3 Nb5 38. Kd2 Kb7 39. g5 Nd4
40. Nxd4 Rxd4+ 41. Ke3 Rc4 42. h4 Rxh4 43. f4 h6 0-1

[Event "CUB-ch"]
[Site "Las Tunas"]
[Date "2009.01.26"]
[Round "7"]
[White "Delgado Ramirez, Neuris"]
[Black "Martinez Duany, Lelys Stanley"]
[Result "0-1"]
[WhiteElo "2550"]
[BlackElo "2485"]
[PlyCount "120"]
[EventDate "2009.01.20"]
[EventType "tourn"]
[EventRounds "9"]
[EventCountry "CUB"]
[EventCategory "12"]
[SourceTitle "CBM 129"]
[Source "ChessBase"]
[SourceDate "2009.03.25"]
[SourceVersion "1"]
[SourceVersionDate "2009.03.25"]
[SourceQuality "1"]

1. c4 Nf6 2. g3 g6 3. Bg2 Bg7 4. Nc3 O-O 5. d3 d6 6. e3 e5 7. Nge2 Nbd7 8. O-O
Nh5 9. Bd2 f5 10. f4 Nc5 11. d4 Ne6 12. d5 Nc5 13. b4 Nd7 14. Rc1 a5 15. a3
axb4 16. axb4 exf4 17. exf4 Re8 18. Nb5 Ndf6 19. Ned4 Ne4 20. Be1 Nhf6 21. Nb3
Ng4 22. Rf3 Bd7 23. h3 Ngf6 24. N5d4 Ra2 25. Kh2 h5 26. Na5 h4 27. gxh4 Nh5 28.
c5 Bh6 29. c6 Bxf4+ 30. Kg1 bxc6 31. dxc6 Bc8 32. Qb3+ Kf8 33. Qxa2 Bxc1 34.
Ne2 Bh6 35. b5 Qe7 36. Nb3 Be6 37. Ned4 Bxb3 38. Nxb3 Ng5 39. Rf1 Qe3+ 40. Kh2
Ne4 41. Bf3 Qf4+ 42. Kg2 Neg3 43. Bd2 Re3 44. Qa8+ Kg7 45. Bxe3 Qxe3 46. Qa1+
Kh7 47. Bxh5 Nxh5 48. Rf3 Qe2+ 49. Rf2 Qxb5 50. Qc3 Bg7 51. Qf3 Be5 52. Rd2
Nf4+ 53. Kh1 Qc4 54. Rd1 Nh5 55. Nd2 Qxh4 56. Rb1 Ng3+ 57. Kg2 Qg5 58. Nc4 Ne4+
59. Kf1 Bd4 60. Re1 d5 0-1

[Event "CUB-ch"]
[Site "Las Tunas"]
[Date "2009.01.27"]
[Round "8"]
[White "Corrales Jimenez, Fidel"]
[Black "Delgado Ramirez, Neuris"]
[Result "0-1"]
[WhiteElo "2586"]
[BlackElo "2550"]
[PlyCount "84"]
[EventDate "2009.01.20"]
[EventType "tourn"]
[EventRounds "9"]
[EventCountry "CUB"]
[EventCategory "12"]
[SourceTitle "CBM 129"]
[Source "ChessBase"]
[SourceDate "2009.03.25"]
[SourceVersion "1"]
[SourceVersionDate "2009.03.25"]
[SourceQuality "1"]

1. e4 c5 2. Nf3 Nc6 3. d4 cxd4 4. Nxd4 Nf6 5. Nc3 d6 6. Bg5 e6 7. Qd2 Be7 8.
O-O-O O-O 9. f3 Nxd4 10. Qxd4 a6 11. h4 b5 12. Kb1 Bb7 13. h5 h6 14. Be3 Rc8
15. g4 Nd7 16. Rg1 d5 17. exd5 Bf6 18. Qb4 Rxc3 19. bxc3 Bxd5 20. f4 a5 21. Qb2
b4 22. Bd4 bxc3 23. Qxc3 Qb8+ 24. Ka1 Rc8 25. Bxf6 Rxc3 26. Bxc3 Qxf4 27. Bb5
Nc5 28. Rge1 Ne4 29. Bb2 Nc5 30. Rd4 Qf2 31. Rc1 Qe3 32. Rdd1 a4 33. a3 Nb7 34.
Rd4 Nc5 35. Rb4 f5 36. gxf5 exf5 37. Rd1 Bf7 38. Kb1 f4 39. Bc1 Qc3 40. Rxf4
Ba2+ 41. Kxa2 Qxc2+ 42. Bb2 Qb3+ 0-1

[Event "CUB-ch"]
[Site "Las Tunas"]
[Date "2009.01.28"]
[Round "9"]
[White "Delgado Ramirez, Neuris"]
[Black "Quesada Perez, Yuniesky"]
[Result "1/2-1/2"]
[WhiteElo "2550"]
[BlackElo "2590"]
[PlyCount "21"]
[EventDate "2009.01.20"]
[EventType "tourn"]
[EventRounds "9"]
[EventCountry "CUB"]
[EventCategory "12"]
[SourceTitle "CBM 129"]
[Source "ChessBase"]
[SourceDate "2009.03.25"]
[SourceVersion "1"]
[SourceVersionDate "2009.03.25"]
[SourceQuality "1"]

1. d4 Nf6 2. Nf3 e6 3. c4 Bb4+ 4. Bd2 Qe7 5. a3 Bxd2+ 6. Qxd2 d6 7. Nc3 O-O 8.
e3 b6 9. Be2 Bb7 10. O-O Nbd7 11. Qc2 1/2-1/2

[Event "Dos Hermanas Internet qual-A 10th"]
[Site "ICC INT"]
[Date "2009.03.13"]
[Round "3"]
[White "Schmidt, Peter1"]
[Black "Delgado Ramirez, Neuris"]
[Result "0-1"]
[WhiteElo "1950"]
[BlackElo "2550"]
[PlyCount "32"]
[EventDate "2009.03.13"]
[EventType "swiss (blitz)"]
[EventRounds "12"]
[EventCountry "ESP"]
[SourceTitle "CBM 129 Extra"]
[Source "ChessBase"]
[SourceDate "2009.05.05"]
[SourceVersion "2"]
[SourceVersionDate "2009.05.20"]
[SourceQuality "1"]

1. e4 c5 2. Nc3 Nc6 3. Nf3 d6 4. d4 cxd4 5. Nxd4 Nf6 6. Be3 Ng4 7. Qd2 Nxe3 8.
Qxe3 g6 9. O-O-O Bg7 10. Nb3 O-O 11. f4 a5 12. h3 a4 13. Nd2 a3 14. b3 Nb4 15.
Kb1 Qc7 16. Nd5 Qxc2# 0-1

[Event "Dos Hermanas Internet qual-A 10th"]
[Site "ICC INT"]
[Date "2009.03.13"]
[Round "4"]
[White "Delgado Ramirez, Neuris"]
[Black "Nielsen, Leonard de Freitas"]
[Result "1-0"]
[WhiteElo "2550"]
[BlackElo "1925"]
[PlyCount "63"]
[EventDate "2009.03.13"]
[EventType "swiss (blitz)"]
[EventRounds "12"]
[EventCountry "ESP"]
[SourceTitle "CBM 129 Extra"]
[Source "ChessBase"]
[SourceDate "2009.05.05"]
[SourceVersion "2"]
[SourceVersionDate "2009.05.20"]
[SourceQuality "1"]

1. e4 c6 2. c4 d5 3. exd5 cxd5 4. cxd5 Qxd5 5. Nc3 Qd8 6. d4 Nf6 7. Nf3 e6 8.
Bd3 Be7 9. O-O Nc6 10. Qe2 O-O 11. Rd1 b6 12. Ne5 Bb7 13. Bg5 Nd5 14. Be3 Nxc3
15. bxc3 Qd5 16. c4 Qd8 17. Qg4 f5 18. Qg3 Nxe5 19. Qxe5 Qd6 20. Bf4 Qxe5 21.
Bxe5 Bf6 22. Bxf6 gxf6 23. d5 exd5 24. Bxf5 dxc4 25. Rac1 Rad8 26. Be6+ Kg7 27.
Bxc4 Rxd1+ 28. Rxd1 Rb8 29. Rd7+ Kh6 30. Bd3 a5 31. h4 Bc6 32. Rxh7# 1-0

[Event "Dos Hermanas Internet qual-A 10th"]
[Site "ICC INT"]
[Date "2009.03.13"]
[Round "7"]
[White "Kiselev, Vitaliy1"]
[Black "Delgado Ramirez, Neuris"]
[Result "0-1"]
[WhiteElo "2539"]
[BlackElo "2550"]
[PlyCount "60"]
[EventDate "2009.03.13"]
[EventType "swiss (blitz)"]
[EventRounds "12"]
[EventCountry "ESP"]
[SourceTitle "CBM 129 Extra"]
[Source "ChessBase"]
[SourceDate "2009.05.05"]
[SourceVersion "2"]
[SourceVersionDate "2009.05.20"]
[SourceQuality "1"]

1. d4 d5 2. c4 e6 3. Nc3 Be7 4. cxd5 exd5 5. Nf3 c6 6. Bf4 Bf5 7. e3 Nd7 8. Bd3
Bxd3 9. Qxd3 Ngf6 10. O-O O-O 11. h3 Re8 12. Rfc1 Nf8 13. Rab1 a5 14. Ne5 Ng6
15. Nxg6 hxg6 16. Bg5 Nd7 17. Bxe7 Qxe7 18. a3 a4 19. Qc2 b5 20. Na2 Rac8 21.
Nb4 Qf6 22. b3 axb3 23. Qxb3 Nb6 24. Rc2 Nc4 25. a4 Rb8 26. Nd3 bxa4 27. Qxb8
Rxb8 28. Rxb8+ Kh7 29. Nb2 Qf5 30. Rd2 Nxd2 0-1

[Event "Dos Hermanas Internet qual-A 10th"]
[Site "ICC INT"]
[Date "2009.03.13"]
[Round "8"]
[White "Delgado Ramirez, Neuris"]
[Black "Paz, Mayan"]
[Result "1-0"]
[WhiteElo "2550"]
[BlackElo "2311"]
[PlyCount "53"]
[EventDate "2009.03.13"]
[EventType "swiss (blitz)"]
[EventRounds "12"]
[EventCountry "ESP"]
[SourceTitle "CBM 129 Extra"]
[Source "ChessBase"]
[SourceDate "2009.05.05"]
[SourceVersion "2"]
[SourceVersionDate "2009.05.20"]
[SourceQuality "1"]

1. e4 c5 2. Nf3 Nc6 3. Bb5 g6 4. c3 Bg7 5. d4 cxd4 6. cxd4 d6 7. Nc3 Bd7 8. h3
Nf6 9. e5 dxe5 10. dxe5 Ng8 11. Bf4 h6 12. Qe2 g5 13. Bh2 Qa5 14. O-O O-O-O 15.
a3 e6 16. b4 Qb6 17. a4 Nge7 18. a5 Qc7 19. a6 b6 20. Ba4 Nf5 21. Nb5 Qb8 22.
Rfc1 Be8 23. Qe4 Rd5 24. g4 Nfe7 25. Nd6+ Kd8 26. Nb7+ Kd7 27. Nd4 1-0

[Event "Dos Hermanas Internet qual-A 10th"]
[Site "ICC INT"]
[Date "2009.03.13"]
[Round "9"]
[White "Akselrod, Vladislav"]
[Black "Delgado Ramirez, Neuris"]
[Result "0-1"]
[WhiteElo "2446"]
[BlackElo "2550"]
[PlyCount "98"]
[EventDate "2009.03.13"]
[EventType "swiss (blitz)"]
[EventRounds "12"]
[EventCountry "ESP"]
[SourceTitle "CBM 129 Extra"]
[Source "ChessBase"]
[SourceDate "2009.05.05"]
[SourceVersion "2"]
[SourceVersionDate "2009.05.20"]
[SourceQuality "1"]

1. d4 d5 2. Nf3 Nf6 3. Bf4 e6 4. e3 Bd6 5. Bxd6 Qxd6 6. c3 c5 7. Ne5 O-O 8. Nd2
Nc6 9. Nxc6 bxc6 10. Nf3 cxd4 11. exd4 Rb8 12. b4 a5 13. a3 Ne4 14. Qc2 e5 15.
dxe5 Qg6 16. Nd2 Bf5 17. Nxe4 Bxe4 18. Qd2 Rbe8 19. f3 Bf5 20. Kf2 Rxe5 21.
bxa5 Qd6 22. a6 Rfe8 23. g4 Bc8 24. a7 Bd7 25. Rb1 Qc7 26. Qd4 c5 27. Qd2 Qxa7
28. f4 c4+ 29. Qd4 Qxd4+ 30. cxd4 Re4 31. Kg3 Re3+ 32. Kf2 R3e4 33. Rb7 Bxg4
34. Rg1 Rxf4+ 35. Kg3 Rxd4 36. h3 Be6 37. a4 g6 38. a5 Ra8 39. Rb5 c3 40. Rc5
Ra4 41. Rxc3 R4xa5 42. Bg2 Ra3 43. Rgc1 d4 44. Rxa3 Rxa3+ 45. Kf4 Bxh3 46. Bxh3
Rxh3 47. Ke5 Kg7 48. Kxd4 Rh5 49. Ke4 Rf5 0-1

[Event "Dos Hermanas Internet qual-A 10th"]
[Site "ICC INT"]
[Date "2009.03.13"]
[Round "10"]
[White "Delgado Ramirez, Neuris"]
[Black "Diamant, Andre"]
[Result "0-1"]
[WhiteElo "2550"]
[BlackElo "2472"]
[PlyCount "108"]
[EventDate "2009.03.13"]
[EventType "swiss (blitz)"]
[EventRounds "12"]
[EventCountry "ESP"]
[SourceTitle "CBM 129 Extra"]
[Source "ChessBase"]
[SourceDate "2009.05.05"]
[SourceVersion "2"]
[SourceVersionDate "2009.05.20"]
[SourceQuality "1"]

1. e4 c5 2. Nf3 e6 3. Nc3 Nc6 4. Bb5 Nge7 5. O-O a6 6. Bxc6 Nxc6 7. d4 cxd4 8.
Nxd4 Qc7 9. Re1 Bd6 10. Nxc6 dxc6 11. f4 e5 12. f5 Bc5+ 13. Kh1 O-O 14. Qh5 f6
15. Be3 Qe7 16. Rad1 b5 17. Bxc5 Qxc5 18. Rd3 Qf2 19. Red1 Ra7 20. Rh3 g6 21.
fxg6 Bxh3 22. Qxh3 hxg6 23. Qe6+ Kg7 24. Qxc6 Qxc2 25. Rf1 Qd3 26. Rd1 Qc2 27.
Rf1 Raf7 28. Qxa6 b4 29. Nd5 Qxe4 30. Qa5 Rd7 31. Nxb4 Qe2 32. Rg1 Rd1 33. h3
Rxg1+ 34. Kxg1 Qxb2 35. Nd5 Qd4+ 36. Kh2 e4 37. Nf4 Qd6 38. g3 Rf7 39. Qe1 Re7
40. Qe3 Qd1 41. h4 Qc2+ 42. Kh3 Qxa2 43. h5 g5 44. Qc5 Qa7 45. Qf5 gxf4 46.
Qg6+ Kf8 47. Qxf6+ Ke8 48. Qh8+ Kd7 49. gxf4 Qa3+ 50. Kh4 Qd6 51. Qc3 Rf7 52.
Qg3 Qf6+ 53. Qg5 Qxg5+ 54. fxg5 e3 0-1

[Event "Dos Hermanas Internet qual-A 10th"]
[Site "ICC INT"]
[Date "2009.03.13"]
[Round "11"]
[White "Gindi, Shachar"]
[Black "Delgado Ramirez, Neuris"]
[Result "0-1"]
[WhiteElo "2159"]
[BlackElo "2550"]
[PlyCount "70"]
[EventDate "2009.03.13"]
[EventType "swiss (blitz)"]
[EventRounds "12"]
[EventCountry "ESP"]
[SourceTitle "CBM 129 Extra"]
[Source "ChessBase"]
[SourceDate "2009.05.05"]
[SourceVersion "2"]
[SourceVersionDate "2009.05.20"]
[SourceQuality "1"]

1. e4 c5 2. Nc3 Nc6 3. f4 e6 4. Nf3 d5 5. Bb5 Nge7 6. Qe2 d4 7. Nd1 a6 8. Bxc6+
Nxc6 9. d3 b5 10. O-O Be7 11. Bd2 O-O 12. g4 f5 13. gxf5 exf5 14. Kh1 fxe4 15.
dxe4 Bb7 16. Rg1 c4 17. Qg2 g6 18. f5 Rxf5 19. exf5 Ne5 20. Nxe5 Bxg2+ 21. Rxg2
Qd5 22. Ng4 Rf8 23. Ndf2 Bh4 24. Rf1 Kh8 25. fxg6 hxg6 26. Kg1 Qf5 27. Bh6 Rf7
28. Bc1 Qxc2 29. Ne5 Rxf2 30. Nxg6+ Kh7 31. Nxh4 Rxf1+ 32. Kxf1 Qxc1+ 33. Kf2
Qe3+ 34. Kf1 Qf4+ 35. Kg1 Qxh4 0-1

[Event "Dos Hermanas Internet qual-A 10th"]
[Site "ICC INT"]
[Date "2009.03.13"]
[Round "12"]
[White "Delgado Ramirez, Neuris"]
[Black "Bortnyk, Olexandr"]
[Result "1-0"]
[WhiteElo "2550"]
[BlackElo "2170"]
[PlyCount "71"]
[EventDate "2009.03.13"]
[EventType "swiss (blitz)"]
[EventRounds "12"]
[EventCountry "ESP"]
[SourceTitle "CBM 129 Extra"]
[Source "ChessBase"]
[SourceDate "2009.05.05"]
[SourceVersion "2"]
[SourceVersionDate "2009.05.20"]
[SourceQuality "1"]

1. e4 Nf6 2. e5 Nd5 3. d4 d6 4. c4 Nb6 5. exd6 exd6 6. Nc3 Be7 7. Bd3 O-O 8.
Nf3 Bg4 9. h3 Bh5 10. g4 Bg6 11. Bxg6 fxg6 12. b3 Nc6 13. Be3 Qe8 14. Qe2 Qf7
15. Nd2 Bf6 16. Qd3 Nb4 17. Qb1 Rae8 18. Ne2 c5 19. O-O cxd4 20. Nxd4 Nc6 21.
Qd3 Ne5 22. Qe2 Nexc4 23. Nxc4 Bxd4 24. Nxd6 Qe7 25. Nxe8 Bxa1 26. Rxa1 Rxe8
27. Rd1 h6 28. Qb5 Nc8 29. Rd7 Qf6 30. Qxb7 Nd6 31. Qxa7 Nf7 32. Qd4 Ne5 33.
Qd5+ Kh7 34. Bd4 Nf3+ 35. Qxf3 Qxf3 36. Rxg7+ 1-0

[Event "Dos Hermanas Internet qual-B 10th"]
[Site "ICC INT"]
[Date "2009.03.13"]
[Round "1"]
[White "Delgado Ramirez, Neuris"]
[Black "Aung, Thant Zin"]
[Result "1-0"]
[WhiteElo "2550"]
[BlackElo "2518"]
[PlyCount "93"]
[EventDate "2009.03.13"]
[EventType "swiss (blitz)"]
[EventRounds "12"]
[EventCountry "ESP"]
[SourceTitle "CBM 129 Extra"]
[Source "ChessBase"]
[SourceDate "2009.05.05"]
[SourceVersion "2"]
[SourceVersionDate "2009.05.20"]
[SourceQuality "1"]

1. e4 c5 2. Nf3 Nc6 3. Bb5 e6 4. Bxc6 bxc6 5. O-O Ne7 6. e5 Ng6 7. d3 Be7 8.
Nbd2 O-O 9. Nc4 f6 10. Bd2 fxe5 11. Nfxe5 Nxe5 12. Nxe5 Qc7 13. f4 d6 14. Nc4
Ba6 15. Qe2 Bxc4 16. dxc4 Rf6 17. Bc3 Rg6 18. Rae1 Bh4 19. g3 Rf8 20. Rf3 Qf7
21. Kh1 Bd8 22. Re3 Re8 23. Qd3 Bc7 24. f5 Rh6 25. Qe4 d5 26. cxd5 cxd5 27.
Qxd5 Bxg3 28. Rxg3 exd5 29. Rxg7+ Kf8 30. Rxf7+ Kxf7 31. Rg1 d4 32. Bd2 Re2 33.
Bxh6 Rxc2 34. Rc1 Rxb2 35. Rxc5 Rxa2 36. Rd5 Kf6 37. h4 d3 38. Bg5+ Kf7 39.
Rd7+ Ke8 40. Rxd3 Rf2 41. f6 a5 42. Re3+ Kf7 43. Re7+ Kg6 44. Rg7+ Kh5 45. f7
Kg4 46. Be7+ Kh3 47. f8=Q 1-0

[Event "Dos Hermanas Internet qual-B 10th"]
[Site "ICC INT"]
[Date "2009.03.13"]
[Round "3"]
[White "Delgado Ramirez, Neuris"]
[Black "Cuevas, Alex"]
[Result "1-0"]
[WhiteElo "2550"]
[BlackElo "2244"]
[PlyCount "45"]
[EventDate "2009.03.13"]
[EventType "swiss (blitz)"]
[EventRounds "12"]
[EventCountry "ESP"]
[SourceTitle "CBM 129 Extra"]
[Source "ChessBase"]
[SourceDate "2009.05.05"]
[SourceVersion "2"]
[SourceVersionDate "2009.05.20"]
[SourceQuality "1"]

1. e4 d5 2. exd5 Qxd5 3. Nf3 Nf6 4. Be2 Bf5 5. O-O h6 6. d4 c6 7. c4 Qd8 8. Nc3
e6 9. Bf4 Be7 10. h3 O-O 11. Qd2 Nbd7 12. Rad1 Qa5 13. a3 Rfd8 14. Nd5 Qxd2 15.
Nxe7+ Kf8 16. Bxd2 Kxe7 17. Bb4+ c5 18. dxc5 a5 19. Bc3 Nxc5 20. Rxd8 Kxd8 21.
Rd1+ Ke7 22. Nd4 Bc2 23. Nxc2 1-0

[Event "Dos Hermanas Internet qual-B 10th"]
[Site "ICC INT"]
[Date "2009.03.13"]
[Round "4"]
[White "Guliyev, Namig"]
[Black "Delgado Ramirez, Neuris"]
[Result "0-1"]
[WhiteElo "2535"]
[BlackElo "2550"]
[PlyCount "98"]
[EventDate "2009.03.13"]
[EventType "swiss (blitz)"]
[EventRounds "12"]
[EventCountry "ESP"]
[SourceTitle "CBM 129 Extra"]
[Source "ChessBase"]
[SourceDate "2009.05.05"]
[SourceVersion "2"]
[SourceVersionDate "2009.05.20"]
[SourceQuality "1"]

1. e4 c5 2. Nf3 Nc6 3. d4 cxd4 4. Nxd4 Nf6 5. Nc3 d6 6. Bg5 e6 7. Qd2 Be7 8.
O-O-O O-O 9. f4 Nxd4 10. Qxd4 Qa5 11. Be2 Rd8 12. Bf3 h6 13. Bh4 e5 14. Qd2
exf4 15. Kb1 Be6 16. Bf2 b6 17. Bd4 Rac8 18. a3 Rc4 19. Qxf4 Rdc8 20. Qd2 Qg5
21. Qd3 Ng4 22. h4 Qg6 23. Qe2 Ne5 24. Bh5 Qh7 25. Rhf1 Bf6 26. g3 Kh8 27. Rd2
R4c7 28. Rdd1 Bc4 29. Qe3 Bxf1 30. Rxf1 Nd7 31. Nd5 Bxd4 32. Qxd4 Rc4 33. Qd3
Ne5 34. Qd2 g6 35. Nf6 Qg7 36. Bd1 Qf8 37. b3 Rc3 38. Nd5 Rxg3 39. Rf6 Kg7 40.
Nf4 Rg1 41. Ne6+ Kxf6 42. Nxf8 Rxf8 43. Qxd6+ Kg7 44. Qxe5+ Kg8 45. Qd4 Rh1 46.
e5 Re8 47. e6 Rxe6 48. Qd8+ Kg7 49. Qd4+ Rf6 0-1

[Event "Dos Hermanas Internet qual-B 10th"]
[Site "ICC INT"]
[Date "2009.03.13"]
[Round "5"]
[White "Delgado Ramirez, Neuris"]
[Black "Gajewski, Grzegorz"]
[Result "1/2-1/2"]
[WhiteElo "2550"]
[BlackElo "2581"]
[PlyCount "166"]
[EventDate "2009.03.13"]
[EventType "swiss (blitz)"]
[EventRounds "12"]
[EventCountry "ESP"]
[SourceTitle "CBM 129 Extra"]
[Source "ChessBase"]
[SourceDate "2009.05.05"]
[SourceVersion "2"]
[SourceVersionDate "2009.05.20"]
[SourceQuality "1"]

1. e4 e5 2. Nf3 Nc6 3. Bb5 a6 4. Ba4 Nf6 5. Bxc6 dxc6 6. d3 Nd7 7. Nc3 f6 8.
Nh4 Nc5 9. Qh5+ Ke7 10. Be3 Ne6 11. Ng6+ hxg6 12. Qxh8 Kf7 13. Qh4 b5 14. O-O-O
b4 15. Ne2 c5 16. Qg3 Bd6 17. h4 a5 18. h5 g5 19. h6 g6 20. h7 Qh8 21. Kb1 a4
22. c4 Bb7 23. f3 Rf8 24. Qf2 Ke7 25. g3 Rf7 26. f4 gxf4 27. gxf4 Rxh7 28.
Rxh7+ Qxh7 29. fxe5 fxe5 30. Rf1 Qg7 31. Qh4+ Kd7 32. Qf6 Qxf6 33. Rxf6 Nf8 34.
Bh6 Ne6 35. Rxg6 Bc8 36. Ng3 Nd4 37. Nf5 Nxf5 38. exf5 Ke7 39. Bg5+ Kf7 40.
Rf6+ Kg7 41. Kc2 Bd7 42. Kd2 Bc8 43. Ke3 Bd7 44. Kf3 Bc6+ 45. Kg4 Be8 46. Re6
Bd7 47. Rh6 a3 48. b3 Bc8 49. Rg6+ Kf7 50. Bh6 Bb7 51. Kg5 e4 52. dxe4 Bxe4 53.
Rg7+ Ke8 54. f6 Bb1 55. Rg8+ Kd7 56. f7 Bxa2 57. f8=Q Bxf8 58. Rxf8 Bb1 59. Ra8
Bc2 60. Bf8 Kc6 61. Kf4 Bxb3 62. Ra6+ Kb7 63. Ra5 Kb6 64. Ra8 Bxc4 65. Ke3 Ba6
66. Bxc5+ Kxc5 67. Rxa6 Kc4 68. Kd2 c5 69. Kc2 Kb5 70. Ra8 c4 71. Rb8+ Kc5 72.
Rb7 b3+ 73. Kc3 a2 74. Ra7 Kb5 75. Ra3 Kc5 76. Ra5+ Kb6 77. Ra4 Kb5 78. Ra8 Kc5
79. Ra7 Kd5 80. Ra8 Kc5 81. Ra5+ Kb6 82. Ra3 Kb5 83. Ra8 Kc5 1/2-1/2

[Event "Dos Hermanas Internet qual-B 10th"]
[Site "ICC INT"]
[Date "2009.03.13"]
[Round "6"]
[White "Szmetan, Ricardo"]
[Black "Delgado Ramirez, Neuris"]
[Result "1-0"]
[WhiteElo "2274"]
[BlackElo "2550"]
[PlyCount "119"]
[EventDate "2009.03.13"]
[EventType "swiss (blitz)"]
[EventRounds "12"]
[EventCountry "ESP"]
[SourceTitle "CBM 129 Extra"]
[Source "ChessBase"]
[SourceDate "2009.05.05"]
[SourceVersion "2"]
[SourceVersionDate "2009.05.20"]
[SourceQuality "1"]

1. Nf3 Nf6 2. c4 e6 3. g3 d5 4. b3 a5 5. Nc3 c6 6. d4 Bb4 7. Bd2 O-O 8. Bg2
Nbd7 9. O-O b6 10. Qc2 Ba6 11. Na4 b5 12. cxb5 cxb5 13. Bxb4 axb4 14. Nc5 Nxc5
15. Qxc5 Qa5 16. Ne5 Rfc8 17. Nc6 Rxc6 18. Qxc6 Rc8 19. Qd6 Qa3 20. h3 h5 21.
Kh2 Rc2 22. Bf3 Bc8 23. Qb8 Kh7 24. Qxb5 Ba6 25. Qb6 Bxe2 26. Bxe2 Rxe2 27.
Rae1 Qxa2 28. Rxe2 Qxe2 29. Kg1 h4 30. gxh4 Qd2 31. Qc5 Ne4 32. Qe7 Qf4 33.
Qxb4 Nd2 34. Qc3 Nf3+ 35. Kg2 Nxh4+ 36. Kh1 Nf3 37. Kg2 Nxd4 38. Qd3+ f5 39. b4
e5 40. Qe3 Qh4 41. Qxe5 Qg5+ 42. Qg3 Qf6 43. h4 f4 44. Qg4 f3+ 45. Kh1 Ne2 46.
b5 d4 47. b6 Qxb6 48. Qxf3 Nc3 49. Qf5+ Kh6 50. Rg1 g6 51. Qg5+ Kh7 52. Qe7+
Kh6 53. Qf8+ Kh7 54. Qf7+ Kh6 55. Qf4+ Kh7 56. h5 Qc6+ 57. Kh2 Ne2 58. hxg6+
Kg7 59. Qf7+ Kh6 60. Qh7# 1-0